00374cam a2200157ua 45000010005000000080039000050400009000440410012000530820016000651000027000812450027001082500009001352600036001443000016001806530020001963811131204n II |||gr||||Z||||||asm aMAIN aEnglish a891.451 DEK aDEKA, KANAKSEN (ED/.). aASHOKHON MOHOT GRANTHA a9TH. aGUWAHATI:bBANI MANDIR.,c2005. a371:c23CM. aAsomiya Sahitya